| 000 | 00609nam a22002057a 4500 | ||
|---|---|---|---|
| 005 | 20150427125454.0 | ||
| 010 | _aENG-112349 | ||
| 020 |
_a9788180548284 (v.1) _c350.00 |
||
| 020 |
_a8180548287 _c350.00 |
||
| 035 | _aEN-95881 | ||
| 037 | _bDBAD/PUB | ||
| 082 | _a651.3 | ||
| 100 | _aGhosh, Prasanta K. | ||
| 245 |
_aOffice management : _cby Prasanta K.Ghosh _bprinciples and practice / |
||
| 250 | _a12th enl.ed | ||
| 260 |
_aNew Delhi _bSultan Chand _c2015(repr.) |
||
| 270 |
_a23, Daryaganj, _bNew Delhi _e110002 |
||
| 300 |
_ax, 468p. _c24cm(pbk) |
||
| 942 |
_2ddc _cEN _mGHO _h651.3 |
||
| 999 |
_c92161 _d92161 |
||